000 01233nam a22003017a 4500
001 858
005 20230804162357.0
008 230712b cb ||||| |||| 00| 0 eng d
020 _a0439147735 (pbk.) :
040 _aJED
_cJED
_dDLC
_beng
050 0 0 _aPZ7.S899
082 _a429
100 1 _aStrasser, Todd
245 1 0 _aHelp! I'm trapped in a professional wrestler's body /
_cTod Strasser
246 3 _aHelp! I am trapped in a professional wrestler's body
250 _aFirst Scholastic printing, February 2000.
260 _aNew York :
_bScholastic,
_c2000.
300 _a124 pages ;
_c20 cm
500 _a"An Apple Paperback."
505 _aP
520 _aAfter they switched bodies with the lunch ladies, Jake and Andy swore they wouldn't use Mr. Dirksen's body-switching machine again, but Jake really wants to know what its like to be a professional wrestler. At Wrestle Insanity, Andy gets turned into Bruce "Brainiac" Bloom and Jake must switch bodies with Nick "No Nerve" Nelson in order to save him.
521 0 _a610
_bLexile
521 1 _aP
_bRaz-Plus
650 _awrestling
655 7 _aYoung adult fiction.
_2lcsh
906 _a7
_bcbc
_ccopycat
_d2
_encip
_f20
_gy-genrareb
942 _2ddc
_cBK
_n0
999 _c858
_d858